000 00214nam a2200085Ia 4500
245 0 _aPrince Pantyhose
100 _a URE, Jean Harlow, 2003
_978697
942 _cBK
008 210817s9999 xx 000 0 und d
999 _c272459
_d272459